Catálogo

PASCAL (Registro nro. 46732)

Detalles MARC
000 -LEADER
fixed length control field 00962nam a2200193 a 4500
001 - CONTROL NUMBER
control field 46732
005 - DATE AND TIME OF LATEST TRANSACTION
control field 20180714030420.0
008 - FIXED-LENGTH DATA ELEMENTS--GENERAL INFORMATION
fixed length control field 140415s1989 it 000 0 ita d
041 ## - LANGUAGE CODE
Language code of text/sound track or separate title ita
082 ## - DEWEY DECIMAL CLASSIFICATION NUMBER
Classification number 291.2
Item number SCI
100 1# - MAIN ENTRY--PERSONAL NAME
Personal name SCIACCA, MICHELE FEDERICO
245 10 - TITLE STATEMENT
Title PASCAL
250 ## - EDITION STATEMENT
Edition statement 1a ed.
260 ## - PUBLICATION, DISTRIBUTION, ETC.
Place of publication, distribution, etc. ITALIA :
Name of publisher, distributor, etc. LEPOS,
Date of publication, distribution, etc. 1989
300 ## - PHYSICAL DESCRIPTION
Extent 156
Dimensions 14 x 1.2 x 22.5
490 ## - SERIES STATEMENT
Series statement LE OPERE DI MICHELE FEDERICO SCIACCA SONO PUBBLICATE CON IL PATROCINIO DEL COMUNE DI GIARR
520 ## - SUMMARY, ETC.
Summary, etc. LA PAROLA NON É MAI PER ALTRO, SE NON PER SÉ STESSA.E IN QUESTO PER TUTTO QUANTO, DALLA POTENZA DEL SUO STESSO ESSERE INTERNA A SÉ STESSA, RIESCA AD AVERE ATTO O É SBALZATO ANCORA IN ATTO DAL TERMINEDEI SUOI COMPIMENTI FINO A PORRE LA DIFFERENZA DEI PRINCIPI E FINO A PRECORRERE L´ONNIVEGGENTE PERDURARE DEGLI INCORROTTI CORROMPIMENTI PER EVI SEMPRE POSTUMI E IN GRAZIA DI EVENTI MAI DESTINABILI.
650 14 - SUBJECT ADDED ENTRY--TOPICAL TERM
Topical term or geographic name entry element APOLOGETICA
General subdivision FILOSOFIA CRISTIANA
Existencias
Withdrawn status Lost status Source of classification or shelving scheme Damaged status Not for loan Collection code Home library Current library Shelving location Date acquired Source of acquisition Inventory number Total Checkouts Full call number Barcode Date last seen Price effective from Koha item type
    Dewey Decimal Classification     General Biblioteca Karol Wojtyla Biblioteca Karol Wojtyla Sala general 03/12/2013 Compra 151000000000000000058512   291.2 SCI 70095 05/01/2026 03/12/2013 Libro